[Event "Moscow PCA-GP"]
[Site "Moscow"]
[Date "1996.??.??"]
[Round "1.2"]
[White "Shirov, Alexei"]
[Black "Chernin, Alexander"]
[Result "1/2-1/2"]
[WhiteElo "2690"]
[BlackElo "2595"]
[PlyCount "67"]
[EventDate "1996.04.??"]
[Source "ChessBase"]

1. e4 d6 2. d4 Nf6 3. Nc3 g6 4. f4 Bg7 5. Nf3 c5 6. Bb5+ Bd7 7. Bxd7+ Nbxd7 8. d5 O-O 9. a4 a6 10. Qe2 b5 11. axb5 axb5 12. Rxa8 Qxa8 13. Nxb5 Qa5+ 14. Nc3 Ne8 15. O-O Bxc3 16. bxc3 Qxc3 17. e5 Nb6 18. f5 Qc4 19. Qxc4 Nxc4 20. Bh6 dxe5 21. Bxf8 Kxf8 22. fxg6 hxg6 23. Ra1 e4 24. Ng5 Ned6 25. Ra7 Ne3 26. c4 Nexc4 27. Rc7 Ne5 28. Rxc5 Nd3 29. Ra5 Kg7 30. Kf1 Kf6 31. h4 Ke5 32. Ra7 Kf6 33. Nh7+ Kg7 34. Ng5 1/2-1/2

[Event "Bruxelles"]
[Site "?"]
[Date "1988.??.??"]
[Round "?"]
[White "Beliavsky, A."]
[Black "Tal, M."]
[Result "1-0"]
[WhiteElo "2645"]
[BlackElo "2630"]
[PlyCount "101"]
[EventDate "1988.??.??"]
[Source "ChessBase"]
[SourceDate "1988.01.01"]

1. d4 d6 2. e4 Nf6 3. Nc3 g6 4. f4 Bg7 5. Nf3 c5 6. Bb5+ Bd7 7. e5 Ng4 8. e6 Bxb5 9. exf7+ Kd7 10. Nxb5 Qa5+ 11. Nc3 cxd4 12. Nxd4 h5 13. h3 Nc6 14. Nde2 Nh6 15. Be3 Raf8 16. Qd3 Nf5 17. Bf2 Rxf7 18. O-O-O h4 19. Kb1 Rc8 20. Qe4 b6 21. a3 Nd8 22. Rhe1 Qa6 23. Nd4 Qc4 24. Nd5 Bxd4 25. Bxd4 e6 26. Ne3 Nxe3 27. Rxe3 Rxf4 28. Qxg6 Rf1 29. Ree1 Rxe1 30. Qg7+ Ke8 31. Qh8+ Kd7 32. Qg7+ Ke8 33. Rxe1 Qxc2+ 34. Ka1 Qd2 35. Bc3 Qf2 36. Rd1 Qf7 37. Qh8+ Kd7 38. Qxh4 Nc6 39. g4 e5 40. g5 Rg8 41. Qg3 Qh5 42. Qd3 Rg6 43. h4 Re6 44. Rh1 e4 45. Qa6 d5 46. Rc1 Kd6 47. Be1 Qe8 48. h5 Ke5 49. Qf1 e3 50. Bg3+ Ke4 51. Qf4+ 1-0

[Event "Pardubice"]
[Site "Pardubice"]
[Date "1993.??.??"]
[Round "4"]
[White "Dolmatov, Sergey"]
[Black "Chernin, Alexander"]
[Result "1/2-1/2"]
[WhiteElo "2630"]
[BlackElo "2615"]
[PlyCount "25"]
[EventDate "1993.07.??"]
[Source "ChessBase"]

1. e4 d6 2. d4 Nf6 3. Nc3 g6 4. f4 Bg7 5. Nf3 c5 6. Bb5+ Bd7 7. e5 Ng4 8. e6 fxe6 9. Ng5 Bxb5 10. Nxb5 Qa5+ 11. c3 Qxb5 12. Nxe6 Qc4 13. Qxg4 1/2-1/2

[Event "FRA-chT9697 groupe B"]
[Site "France"]
[Date "1997.??.??"]
[Round "7"]
[White "Vaisser, Anatoli"]
[Black "Adams, Michael"]
[Result "1/2-1/2"]
[WhiteElo "2580"]
[BlackElo "2660"]
[PlyCount "43"]
[EventDate "1997.??.??"]
[Source "www.chesslib.no"]
[SourceDate "2004.05.04"]

1. d4 d6 2. e4 Nf6 3. Nc3 g6 4. f4 Bg7 5. Nf3 c5 6. Bb5+ Bd7 7. e5 Ng4 8. Bxd7+ Qxd7 9. d5 dxe5 10. h3 e4 11. Nxe4 Nf6 12. Nxf6+ Bxf6 13. O-O O-O 14. Ne5 Qd6 15. Be3 Nd7 16. Nxd7 Qxd7 17. Bxc5 Rfd8 18. d6 Qf5 19. Ba3 exd6 20. c3 d5 21. Bc5 d4 22. Bxd4 1/2-1/2

[Event "Moskva (GMA)"]
[Site "?"]
[Date "1990.??.??"]
[Round "?"]
[White "Dolmatov, S."]
[Black "Chernin, A."]
[Result "1/2-1/2"]
[WhiteElo "2620"]
[BlackElo "2600"]
[PlyCount "69"]
[EventDate "1990.??.??"]
[Source "ChessBase"]
[SourceDate "1990.01.01"]

1. e4 d6 2. d4 Nf6 3. Nc3 g6 4. f4 Bg7 5. Nf3 c5 6. Bb5+ Bd7 7. e5 Ng4 8. e6 fxe6 9. Ng5 Bxb5 10. Nxb5 Qa5+ 11. c3 Qxb5 12. Qxg4 cxd4 13. Nxe6 Qc4 14. Nxg7+ Kf7 15. Nf5 Qe6+ 16. Ne3 dxe3 17. Qf3 Nc6 18. O-O Rhf8 19. Bxe3 Kg8 20. b3 a5 21. Rae1 a4 22. Bc1 Qf7 23. c4 axb3 24. axb3 Ra2 25. Qd5 Qxd5 26. cxd5 Nd4 27. Rxe7 Rc8 28. Kh1 Rcc2 29. f5 Nxf5 30. Rxb7 Ra1 31. Rb8+ Kf7 32. Rb7+ Kg8 33. Rb8+ Kf7 34. Rb7+ Kg8 35. Rb8+ 1/2-1/2

[Event "EUCup 17th"]
[Site "Panormo"]
[Date "2001.09.26"]
[Round "4"]
[White "Baklan, Vladimir"]
[Black "Chernin, Alexander"]
[Result "1/2-1/2"]
[WhiteElo "2599"]
[BlackElo "2601"]
[PlyCount "39"]
[EventDate "2001.09.22"]
[Source "ChessBase"]
[SourceDate "2001.10.26"]

1. e4 d6 2. d4 Nf6 3. Nc3 g6 4. f4 Bg7 5. Nf3 c5 6. dxc5 Qa5 7. Bd3 Qxc5 8. Qe2 Bg4 9. Be3 Qa5 10. O-O Nc6 11. Kh1 O-O 12. Qe1 Bxf3 13. Rxf3 Rac8 14. a3 d5 15. Nxd5 Nxd5 16. Qxa5 Nxa5 17. exd5 Bxb2 18. Rb1 Bxa3 19. Bxa7 Bc5 20. Rb5 1/2-1/2

[Event "Tilburg"]
[Site "?"]
[Date "1994.??.??"]
[Round "?"]
[White "Stefansson, H."]
[Black "Gurevich, M."]
[Result "1-0"]
[WhiteElo "2560"]
[BlackElo "2620"]
[PlyCount "109"]
[EventDate "1994.??.??"]
[Source "ChessBase"]
[SourceDate "1994.06.01"]

1. e4 d6 2. d4 Nf6 3. Nc3 g6 4. f4 Bg7 5. Nf3 c5 6. Bb5+ Bd7 7. e5 Ng4 8. e6 Bxb5 9. exf7+ Kd7 10. Nxb5 Qa5+ 11. Nc3 cxd4 12. Nxd4 h5 13. h3 Nc6 14. Nde2 Nh6 15. Be3 Nf5 16. Bf2 Rac8 17. O-O Rhf8 18. Ne4 Nd8 19. c3 Rxf7 20. Qd3 Ne6 21. Rad1 h4 22. Qf3 Qa6 23. Rfe1 Qc6 24. Nd4 Bxd4 25. cxd4 d5 26. Nc3 Nc7 27. Rc1 Qd6 28. Rc2 Rff8 29. Qg4 Qf6 30. Rec1 e6 31. Qd1 Nd6 32. Ne2 Ncb5 33. a4 Rxc2 34. Rxc2 Nc7 35. Qe1 g5 36. fxg5 Qxg5 37. Bxh4 Qg6 38. Qc1 Na6 39. Bg3 Nc4 40. Kh2 Nb4 41. Rxc4 dxc4 42. Qxc4 Nc6 43. b4 Rc8 44. Qb5 b6 45. Qa6 Ne7 46. Qb7+ Kd8 47. Nf4 Qf5 48. Qxa7 b5 49. axb5 Rc4 50. b6 Rxb4 51. Qb8+ Kd7 52. Nd3 Qxd3 53. Qd6+ Ke8 54. Qxb4 Nf5 55. Be5 1-0

[Event "Mind Sports Games - Blitz Pair"]
[Site "Pechino CINA"]
[Date "2008.10.08"]
[Round "4"]
[White "Leon Hoyos, M."]
[Black "Gurevich, M1."]
[Result "0-1"]
[WhiteElo "2535"]
[BlackElo "2634"]
[PlyCount "70"]
[EventDate "2008.10.08"]
[Source "www.chesslib.no"]
[SourceDate "2004.05.04"]

1. e4 d6 2. d4 Nf6 3. Nc3 g6 4. f4 Bg7 5. Nf3 c5 6. dxc5 Qa5 7. Bd3 Qxc5 8. Qe2 O-O 9. Be3 Qa5 10. O-O Nc6 11. a3 Bg4 12. h3 Bxf3 13. Qxf3 Nd7 14. b4 Qd8 15. Bd2 Rc8 16. Rab1 Nxb4 17. Rxb4 Bxc3 18. Bxc3 Rxc3 19. Rxb7 Rxa3 20. Qe2 Nc5 21. Rb2 Qa5 22. Kh1 Qc3 23. Rbb1 Nxd3 24. cxd3 Qxd3 25. Qe1 Ra4 26. e5 Re4 27. Qf2 dxe5 28. fxe5 Rxe5 29. Qxa7 Re2 30. Rb7 Qe4 31. Rg1 Rd8 32. Qb6 Rdd2 33. Rb8+ Kg7 34. Qb1 Rxg2 35. Qa1+ f6 0-1

[Event "Skelleftea"]
[Site "?"]
[Date "1989.??.??"]
[Round "?"]
[White "Sax, Gy"]
[Black "Seirawan, Y."]
[Result "1/2-1/2"]
[WhiteElo "2580"]
[BlackElo "2585"]
[PlyCount "49"]
[EventDate "1989.??.??"]
[Source "ChessBase"]
[SourceDate "1989.07.01"]

1. e4 d6 2. d4 Nf6 3. Nc3 g6 4. f4 Bg7 5. Nf3 c5 6. dxc5 Qa5 7. Bd3 Qxc5 8. Qe2 O-O 9. Be3 Qa5 10. O-O Nc6 11. a3 Bg4 12. h3 Bxf3 13. Qxf3 Nd7 14. Bd2 Qb6+ 15. Kh1 Nc5 16. Rab1 Nxd3 17. cxd3 f5 18. Nd5 Qb3 19. exf5 gxf5 20. Rfe1 Rf7 21. Bc3 e6 22. Nb4 Nd8 23. Bxg7 Rxg7 24. Rec1 Qa4 25. Rc4 1/2-1/2

[Event "FRA-ch Pool A"]
[Site "Marsailles"]
[Date "2001.08.15"]
[Round "3"]
[White "Vaisser, Anatoli"]
[Black "Degraeve, Jean Marc"]
[Result "1/2-1/2"]
[WhiteElo "2556"]
[BlackElo "2602"]
[PlyCount "30"]
[EventDate "2001.08.13"]
[Source "ChessBase"]
[SourceDate "2001.11.13"]

1. d4 d6 2. e4 Nf6 3. Nc3 g6 4. f4 Bg7 5. Nf3 c5 6. dxc5 Qa5 7. Bd3 Qxc5 8. Qe2 Nc6 9. Be3 Qa5 10. O-O Bg4 11. Qf2 Bxf3 12. gxf3 Nh5 13. Ne2 Nb4 14. Ng3 Nxd3 15. cxd3 Nxg3 1/2-1/2

[Event "EU-chT (Men)"]
[Site "Batumi"]
[Date "1999.11.30"]
[Round "2.4"]
[White "Gelashvili, Tamaz"]
[Black "Chernin, Alexander"]
[Result "1/2-1/2"]
[WhiteElo "2531"]
[BlackElo "2619"]
[PlyCount "85"]
[EventDate "1999.11.06"]
[Source "ChessBase"]
[SourceDate "2000.02.01"]

1. e4 d6 2. d4 Nf6 3. Nc3 g6 4. f4 Bg7 5. Nf3 c5 6. dxc5 Qa5 7. Bd3 Qxc5 8. Qe2 Bg4 9. Be3 Qa5 10. O-O Nc6 11. a3 Nd7 12. Qe1 Bxf3 13. Rxf3 Nc5 14. b4 Nxd3 15. cxd3 Qd8 16. Rc1 Nd4 17. Bxd4 Bxd4+ 18. Kh1 Rc8 19. Ne2 Bg7 20. d4 Rxc1 21. Qxc1 O-O 22. Qc4 d5 23. exd5 Qd7 24. Rc3 Rd8 25. Kg1 Bf6 26. Kf2 Kg7 27. Ke3 h5 28. Rc2 Qa4 29. Qd3 a5 30. b5 Rxd5 31. Rc4 Qxb5 32. Nc3 Qd7 33. Nxd5 Qxd5 34. Rc2 Qe6+ 35. Kd2 Qd5 36. Kd1 b5 37. Rd2 Qd6 38. g3 b4 39. a4 Qc6 40. Qb3 Qe4 41. Qd3 Qc6 42. Qb3 Qe4 43. Qd3 1/2-1/2

[Event "Villarrobledo op"]
[Site "Villarrobledo"]
[Date "1998.08.22"]
[Round "5"]
[White "Campora, Daniel H"]
[Black "Chernin, Alexander"]
[Result "1/2-1/2"]
[WhiteElo "2540"]
[BlackElo "2610"]
[PlyCount "98"]
[EventDate "1998.08.??"]
[Source "www.chesslib.no"]
[SourceDate "2004.05.04"]

1. e4 d6 2. d4 Nf6 3. Nc3 g6 4. f4 Bg7 5. Nf3 c5 6. dxc5 Qa5 7. Bd3 Qxc5 8. Qe2 Bg4 9. Be3 Qa5 10. O-O Nc6 11. h3 Bxf3 12. Qxf3 O-O 13. a3 Nd7 14. Bd2 Qd8 15. Kh1 e6 16. Rab1 a6 17. Ne2 Nc5 18. Rfd1 Nxd3 19. Qxd3 d5 20. Bc3 dxe4 21. Qxe4 Qc7 22. Bxg7 Kxg7 23. Rd3 Rfd8 24. Rbd1 Rxd3 25. Rxd3 Rd8 26. c4 Rxd3 27. Qxd3 Qd8 28. Qxd8 Nxd8 29. Kg1 Kf6 30. Kf2 e5 31. Ke3 Ke6 32. g4 f5 33. gxf5+ Kxf5 34. Ng3+ Ke6 35. Ne4 h6 36. b4 Kf5 37. Ng3+ Ke6 38. Ke4 Nf7 39. c5 exf4 40. Kxf4 Ne5 41. Ke4 Nc4 42. a4 Nd2+ 43. Kd3 Nf3 44. Ke3 Ng5 45. h4 Nf7 46. Ke4 h5 47. Ne2 g5 48. b5 axb5 49. axb5 Kd7 1/2-1/2

[Event "Norrkoeping op"]
[Site "Norrkoeping"]
[Date "1998.??.??"]
[Round "6"]
[White "Hector, Jonny"]
[Black "Chernin, Alexander"]
[Result "1/2-1/2"]
[WhiteElo "2505"]
[BlackElo "2645"]
[PlyCount "43"]
[EventDate "1998.??.??"]
[Source "www.chesslib.no"]
[SourceDate "2004.05.04"]

1. e4 d6 2. d4 Nf6 3. Nc3 g6 4. f4 Bg7 5. Nf3 c5 6. dxc5 Qa5 7. Bd3 Qxc5 8. Qe2 Bg4 9. Be3 Qa5 10. O-O Nc6 11. Nd1 O-O 12. c3 e5 13. Nf2 Bxf3 14. Qxf3 exf4 15. Bxf4 Ne5 16. Bxe5 Qxe5 17. Rad1 Rae8 18. Bc2 Qc5 19. Kh1 Nd7 20. Bb3 Ne5 21. Qe2 Qc7 22. Rd5 1/2-1/2

[Event "Slovenija 83/77"]
[Site "?"]
[Date "2001.??.??"]
[Round "?"]
[White "Zaja, I."]
[Black "Beliavsky, A."]
[Result "0-1"]
[WhiteElo "2476"]
[BlackElo "2668"]
[PlyCount "70"]
[EventDate "2001.??.??"]
[Source "Chess Informant"]
[SourceDate "2001.10.01"]

1. e4 d6 2. d4 Nf6 3. Nc3 g6 4. f4 Bg7 5. Nf3 c5 6. Bb5+ Bd7 7. e5 Ng4 8. Bxd7+ Qxd7 9. d5 dxe5 10. h3 e4 11. Nxe4 Nf6 12. Ne5 Qa4 13. Nc3 Qa6 14. Qe2 O-O 15. Be3 Rd8 16. Rd1 Nfd7 17. Ne4 Qxe2+ 18. Kxe2 Na6 19. Nxd7 Rxd7 20. b3 c4 21. bxc4 Rc8 22. Nd2 Nb4 23. Bxa7 Nxa2 24. Ke3 Nc3 25. Ra1 e6 26. Bd4 exd5 27. Bxg7 Kxg7 28. Kd3 Ne4 29. Rhb1 Nxd2 30. Kxd2 Rxc4 31. Ra7 Rxf4 32. Ke3 Rc4 33. Kd3 Rdc7 34. Rb2 Rc3+ 35. Kd2 Rg3 0-1

[Event "Cergy Pontoise Open"]
[Site "?"]
[Date "2003.03.22"]
[Round "1"]
[White "Nataf Igor-Alexandre"]
[Black "Fressinet Laurent"]
[Result "1/2-1/2"]
[WhiteElo "2545"]
[BlackElo "2593"]
[PlyCount "160"]
[EventDate "2003.??.??"]
[Source "www.chesslib.no"]
[SourceDate "2004.05.04"]

1. e4 g6 2. d4 Bg7 3. Nc3 d6 4. f4 Nf6 5. Nf3 c5 6. Bb5+ Bd7 7. e5 Ng4 8. e6 fxe6 9. Ng5 Bxb5 10. Nxe6 Bxd4 11. Nxb5 Qa5+ 12. c3 Bf2+ 13. Kd2 Be3+ 14. Kc2 Qa4+ 15. Kb1 Qe4+ 16. Qc2 Qxc2+ 17. Kxc2 Bxc1 18. Kxc1 Kd7 19. Nec7 a6 20. Nxa8 axb5 21. a4 bxa4 22. Rxa4 Kc6 23. Ra7 Na6 24. Re1 Re8 25. Kd2 Nc7 26. Nxc7 Kxc7 27. h3 Nf6 28. Kd3 Nh5 29. Ra4 Kd7 30. g4 Nf6 31. b4 Kc6 32. bxc5 Nd7 33. Ra2 Nxc5+ 34. Ke3 Rf8 35. Rf1 e6 36. h4 Nd7 37. c4 Ne5 38. g5 Nxc4+ 39. Kd4 d5 40. Rff2 Rxf4+ 41. Rxf4 e5+ 42. Kc3 exf4 43. Rf2 Kd6 44. Rxf4 Ke6 45. Rf6+ Ke5 46. Rf7 Nd6 47. Rxh7 Nf5 48. Rh8 Kf4 49. Rh6 Kg4 50. Rxg6 Nxh4 51. Rg8 Kf5 52. Kd4 Ng6 53. Rg7 Kxg5 54. Kxd5 Kf5 55. Rxb7 Nf4+ 56. Kd6 Ke4 57. Re7+ Kf5 58. Re8 Ng6 59. Re1 Nf4 60. Re5+ Kg4 61. Ra5 Kf3 62. Ke5 Nd3+ 63. Kd4 Nf4 64. Rf5 Kg4 65. Ke4 Ne6 66. Ra5 Ng5+ 67. Ke3 Ne6 68. Ke4 Ng5+ 69. Ke5 Nf3+ 70. Kf6 Kf4 71. Ra4+ Ke3 72. Kf5 Nd4+ 73. Ke5 Nf3+ 74. Kd5 Nd2 75. Rh4 Nf3 76. Re4+ Kd3 77. Re8 Nd2 78. Rh8 Nf3 79. Rh3 Ke3 80. Rxf3+ Kxf3 1/2-1/2

[Event "Neu Isenburg"]
[Site "?"]
[Date "1991.??.??"]
[Round "?"]
[White "Glek, I."]
[Black "Chernin, A."]
[Result "1/2-1/2"]
[WhiteElo "2530"]
[BlackElo "2605"]
[PlyCount "105"]
[EventDate "1991.??.??"]
[Source "ChessBase"]
[SourceDate "1991.06.01"]

1. e4 d6 2. d4 Nf6 3. Nc3 g6 4. f4 Bg7 5. Nf3 c5 6. dxc5 Qa5 7. Bd3 Qxc5 8. Qe2 Bg4 9. Be3 Qa5 10. h3 Bxf3 11. Qxf3 O-O 12. O-O Nc6 13. a3 Nd7 14. Bd2 Qb6+ 15. Kh1 Nc5 16. Rab1 Nxd3 17. cxd3 f5 18. g4 e6 19. gxf5 exf5 20. Nd5 Qd8 21. Bc3 Ne7 22. e5 dxe5 23. Nxe7+ Qxe7 24. Bb4 Qf7 25. Bxf8 Rxf8 26. fxe5 Bxe5 27. Rfe1 Bf6 28. Rbc1 Rd8 29. Rc2 Kg7 30. Rec1 Rd7 31. b4 Bd8 32. Rc4 Qe6 33. a4 Bg5 34. R1c2 Qd6 35. Rg2 Bd8 36. Qxf5 Rf7 37. Qe4 Bb6 38. Rc1 Re7 39. Qh4 Re3 40. Rf1 Qe6 41. Rg3 Qd5+ 42. Rg2 Bd8 43. Qg4 Qxd3 44. Rgf2 Rxh3+ 45. Kg2 Rh4 46. Qf3 Qxf3+ 47. Rxf3 Rg4+ 48. Kh3 Rxb4 49. Rf7+ Kh6 50. Rd7 Bb6 51. Rff7 Rxa4 52. Rxh7+ Kg5 53. Rd5+ 1/2-1/2

[Event "Luzern"]
[Site "?"]
[Date "1989.??.??"]
[Round "?"]
[White "van der Wiel, J."]
[Black "Seirawan, Y."]
[Result "1/2-1/2"]
[WhiteElo "2545"]
[BlackElo "2585"]
[PlyCount "36"]
[EventDate "1989.??.??"]
[Source "ChessBase"]
[SourceDate "1989.07.01"]

1. d4 d6 2. e4 Nf6 3. Nc3 g6 4. f4 Bg7 5. Nf3 c5 6. Bb5+ Bd7 7. e5 Ng4 8. e6 fxe6 9. Ng5 Bxb5 10. Nxb5 Qa5+ 11. c3 Qxb5 12. Nxe6 Na6 13. Nxg7+ Kf7 14. Ne6 Nf6 15. Ng5+ Kg7 16. Ne6+ Kf7 17. Ng5+ Kg7 18. Ne6+ Kf7 1/2-1/2

[Event "13 open"]
[Site "Castellar del Vallés"]
[Date "2004.07.18"]
[Round "5.1"]
[White "Korneev, Oleg"]
[Black "Peralta, Fernando"]
[Result "1/2-1/2"]
[WhiteElo "2587"]
[BlackElo "2541"]
[PlyCount "82"]
[EventDate "2004.07.14"]
[Source "Roberto Alvarez"]
[SourceDate "2003.08.04"]

1. e4 d6 2. d4 Nf6 3. Nc3 g6 4. f4 Bg7 5. Nf3 c5 6. Bb5+ Bd7 7. e5 Ng4 8. e6 fxe6 9. Ng5 Bxb5 10. Nxe6 Bxd4 11. Nxb5 Qa5+ 12. Qd2 Bf2+ 13. Kd1 Ne3+ 14. Ke2 Qxb5+ 15. Kxf2 Ng4+ 16. Kg3 Na6 17. Re1 Nh6 18. Kf2 Nf5 19. g4 Nd4 20. Nxd4 cxd4 21. Qxd4 Qc5 22. Qxc5 Nxc5 23. Be3 h5 24. Bxc5 dxc5 25. g5 Rd8 26. Rad1 Kf7 27. Kf3 e6 28. Ke4 Ke7 29. a4 b6 30. c3 Rhf8 31. h3 a6 32. h4 Rfe8 33. a5 b5 34. b3 Rf8 35. Rf1 Rxd1 36. Rxd1 Rd8 37. Rxd8 Kxd8 38. b4 cxb4 39. cxb4 Kd7 40. Ke5 Ke7 41. Kd4 Kd8 1/2-1/2

[Event "HUN-ch"]
[Site "Lillafured"]
[Date "1999.02.04"]
[Round "4"]
[White "Acs, Peter"]
[Black "Chernin, Alexander"]
[Result "1/2-1/2"]
[WhiteElo "2521"]
[BlackElo "2604"]
[PlyCount "53"]
[EventDate "1999.02.01"]
[Source "ChessBase"]
[SourceDate "1999.06.08"]

1. e4 d6 2. d4 Nf6 3. Nc3 g6 4. f4 Bg7 5. Nf3 c5 6. Bb5+ Bd7 7. e5 Ng4 8. Bxd7+ Qxd7 9. d5 dxe5 10. h3 e4 11. Nxe4 Nf6 12. Nxf6+ Bxf6 13. O-O O-O 14. Be3 Bxb2 15. Rb1 Bg7 16. Bxc5 Rd8 17. c4 Qc7 18. Bd4 Qxc4 19. Bxg7 Kxg7 20. Rxb7 Qxd5 21. Qxd5 Rxd5 22. Rxe7 Nc6 23. Rc7 Nd8 24. Re1 a5 25. Re8 Rb8 26. Ng5 h6 27. Rxd8 1/2-1/2

[Event "Moscow 5'"]
[Site "Moscow RUS"]
[Date "1972.??.??"]
[Round "?"]
[White "Tukmakov, Vladimir B"]
[Black "Gipslis, Aivars P"]
[Result "1-0"]
[WhiteElo "2560"]
[BlackElo "2560"]
[PlyCount "61"]
[EventDate "1972.??.??"]
[Source "www.chesslib.no"]
[SourceDate "2004.05.04"]

1. e4 d6 2. d4 Nf6 3. Nc3 g6 4. f4 Bg7 5. Nf3 c5 6. dxc5 Qa5 7. Bd3 Qxc5 8. Qe2 a6 9. Be3 Qc7 10. a4 Nbd7 11. O-O O-O 12. h3 b6 13. Kh1 Bb7 14. f5 Rac8 15. Qf2 Nc5 16. Qh4 Qc6 17. Rae1 Nfxe4 18. Nd4 Qd7 19. Nxe4 Nxe4 20. Bxe4 Bxe4 21. Qxe4 Rc4 22. b3 Rc3 23. Bg5 Be5 24. Nf3 f6 25. Qd5+ Kg7 26. Nxe5 fxe5 27. Rxe5 Rf7 28. Rxe7 Rxe7 29. f6+ Kh8 30. fxe7 Rxh3+ 31. Kg1 1-0

[Event "San Bernardino"]
[Site "?"]
[Date "1991.??.??"]
[Round "?"]
[White "Campora, Daniel Hugo"]
[Black "Chernin, A."]
[Result "0-1"]
[WhiteElo "2510"]
[BlackElo "2605"]
[PlyCount "124"]
[EventDate "1991.??.??"]
[Source "ChessBase"]
[SourceDate "1991.06.01"]

1. e4 d6 2. d4 g6 3. Nc3 Bg7 4. f4 Nf6 5. Nf3 c5 6. dxc5 Qa5 7. Bd3 Qxc5 8. Qe2 Bg4 9. Be3 Qa5 10. O-O O-O 11. h3 Bxf3 12. Qxf3 Nc6 13. a3 Nd7 14. Bd2 Qd8 15. Kh1 e6 16. Bc4 Nd4 17. Qd1 d5 18. exd5 Nb6 19. Ba2 exd5 20. Ne2 Nf5 21. Rf3 Nc4 22. Bc3 Nce3 23. Qd3 d4 24. Bd2 Rc8 25. c3 dxc3 26. Qxd8 Rfxd8 27. Bxc3 Re8 28. Bxg7 Kxg7 29. Nc3 h5 30. g3 Rcd8 31. Re1 Rd2 32. Bb1 Rc8 33. Bxf5 Nxf5 34. Rb1 Nd4 35. Re3 Nf5 36. Rf3 Re8 37. Kg1 Nd4 38. Rf2 Rd3 39. Rd1 Rxd1+ 40. Nxd1 Re1+ 41. Rf1 Ne2+ 42. Kf2 Rxf1+ 43. Kxf1 Nxg3+ 44. Kf2 Nf5 45. Kf3 Nd6 46. Ne3 Kf6 47. a4 Ke6 48. b4 f6 49. Ke2 g5 50. Kf3 Nf5 51. Nd1 Nd4+ 52. Ke4 Ne2 53. fxg5 fxg5 54. a5 Ng3+ 55. Kd4 Nf5+ 56. Kc5 Ke5 57. b5 Nd4 58. Nf2 Ne6+ 59. Kc4 b6 60. axb6 axb6 61. Kd3 Kf4 62. Ne4 Kf3 0-1

[Event "Voronezh RUS"]
[Site "?"]
[Date "2006.06.20"]
[Round "8"]
[White "Belozerov Andrei"]
[Black "Tseshkovsky Vitaly"]
[Result "1/2-1/2"]
[WhiteElo "2538"]
[BlackElo "2572"]
[PlyCount "116"]
[EventDate "2006.??.??"]
[Source "www.chesslib.no"]
[SourceDate "2004.05.04"]

1. e4 d6 2. d4 Nf6 3. Nc3 g6 4. f4 Bg7 5. Nf3 c5 6. Bb5+ Bd7 7. Bxd7+ Nfxd7 8. d5 b5 9. Nxb5 Qa5+ 10. Nc3 Bxc3+ 11. bxc3 Qxc3+ 12. Bd2 Qc4 13. Qe2 Nb6 14. Qxc4 Nxc4 15. Ke2 Nd7 16. Rhb1 f5 17. exf5 gxf5 18. Bc3 Rg8 19. Nh4 Ndb6 20. Rd1 Na4 21. Rd3 Kd7 22. Rb1 Nab6 23. Be1 Rae8 24. Kf3 Rgf8 25. a4 e6 26. dxe6+ Kxe6 27. a5 Nd5 28. Bf2 Nb4 29. Re1+ Kf6 30. Rdd1 Nxc2 31. Rxe8 Rxe8 32. Rd5 N2e3 33. Bxe3 Rxe3+ 34. Kf2 Ra3 35. Rxf5+ Ke6 36. Rh5 Nd2 37. Rxh7 Ne4+ 38. Ke2 d5 39. Rh6+ Kd7 40. Nf3 d4 41. Ne5+ Ke7 42. Rh3 Ra2+ 43. Kf3 Nd6 44. f5 Kf6 45. Nd7+ Kg5 46. Nxc5 Ra3+ 47. Ke2 Ra2+ 48. Kd3 Nxf5 49. Ne6+ Kf6 50. Nxd4 Nxd4 51. Kxd4 Rxa5 52. Rg3 Rb5 53. Kc4 Rb2 54. Kc3 Rb8 55. h4 a5 56. Rg5 a4 57. g4 a3 58. Kc2 Rb4 1/2-1/2

[Event "ROM-chT"]
[Site "ROM"]
[Date "2000.??.??"]
[Round "1"]
[White "Nisipeanu, Liviu Dieter"]
[Black "Badea, Bela"]
[Result "1/2-1/2"]
[WhiteElo "2611"]
[BlackElo "2486"]
[PlyCount "56"]
[EventDate "2000.??.??"]
[Source "www.chesslib.no"]
[SourceDate "2004.05.04"]

1. e4 g6 2. d4 d6 3. Nc3 Bg7 4. f4 Nf6 5. Nf3 c5 6. Bb5+ Bd7 7. e5 Ng4 8. Bxd7+ Qxd7 9. d5 dxe5 10. h3 e4 11. Nxe4 Nf6 12. Nxf6+ Bxf6 13. O-O O-O 14. Be3 Bxb2 15. Rb1 Bg7 16. Bxc5 Rd8 17. Bd4 Qxd5 18. Bxg7 Kxg7 19. Qxd5 Rxd5 20. Rxb7 Nc6 21. Rc7 Nd4 22. Nxd4 Rxd4 23. Rxe7 Rc8 24. f5 g5 25. Rxa7 Rxc2 26. Rf3 h6 27. a4 Ra2 28. a5 Rdd2 1/2-1/2

[Event "Wijk aan Zee"]
[Site "?"]
[Date "1992.??.??"]
[Round "?"]
[White "Ernst, Th"]
[Black "van Wely, L."]
[Result "0-1"]
[WhiteElo "2570"]
[BlackElo "2525"]
[PlyCount "128"]
[EventDate "1992.??.??"]
[Source "ChessBase"]
[SourceDate "1992.10.01"]

1. e4 d6 2. d4 Nf6 3. Nc3 g6 4. f4 Bg7 5. Nf3 c5 6. Bb5+ Bd7 7. e5 Ng4 8. e6 Bxb5 9. exf7+ Kd7 10. Nxb5 Qa5+ 11. Nc3 cxd4 12. Nxd4 h5 13. h3 Nc6 14. Nde2 Nh6 15. Be3 Nf5 16. Bf2 Rac8 17. O-O h4 18. a3 Qa6 19. Ne4 Kc7 20. c3 Kb8 21. Ng5 Rhf8 22. Re1 Bf6 23. Qb3 Nd8 24. Nd4 Bxd4 25. Bxd4 Qc4 26. Qxc4 Rxc4 27. Bf6 Rc7 28. Bd4 Rc8 29. Rad1 Nxf7 30. Nxf7 Rxf7 31. Re6 Rg8 32. Be3 b6 33. Bc1 Kc7 34. Rde1 Kd7 35. R6e4 Rc8 36. Re6 Rg7 37. R6e4 Rgg8 38. Ra4 a5 39. Rae4 Rc5 40. Kh2 Rd5 41. Kg1 Rd3 42. Kf2 Rc8 43. Re6 Rg3 44. R6e4 b5 45. Bd2 Rc4 46. Rxc4 bxc4 47. Re4 Rd3 48. Ke1 d5 49. Re5 a4 50. Kd1 e6 51. Re1 Ke7 52. Kc1 Kf6 53. Kd1 Ng3 54. Kc2 Ne4 55. Bc1 Rg3 56. Re2 Nc5 57. Be3 Nd3 58. Bf2 Nxf4 59. Bxg3 Nxe2 60. Bxh4+ g5 61. Bf2 Nf4 62. h4 Nxg2 63. hxg5+ Kxg5 64. Kd2 e5 0-1

[Event "Rishon_le_Zion"]
[Site "?"]
[Date "1994.??.??"]
[Round "?"]
[White "Liss, E."]
[Black "Chernin, A."]
[Result "1/2-1/2"]
[WhiteElo "2480"]
[BlackElo "2615"]
[PlyCount "84"]
[EventDate "1994.??.??"]
[Source "ChessBase"]
[SourceDate "1994.10.01"]

1. e4 d6 2. d4 Nf6 3. Nc3 g6 4. f4 Bg7 5. Nf3 c5 6. Bb5+ Bd7 7. e5 Ng4 8. Bxd7+ Qxd7 9. d5 dxe5 10. h3 e4 11. Nxe4 Nf6 12. Nxf6+ Bxf6 13. O-O O-O 14. Be3 Bxb2 15. Rb1 Bg7 16. Bxc5 Rd8 17. Ne5 Qc7 18. Ba3 Nc6 19. Qf3 Nd4 20. Qe4 Nf5 21. Rb3 Rac8 22. Rc1 Nd6 23. Qe2 Bxe5 24. Qxe5 Nc4 25. Qxe7 Rd7 26. Qe4 Nxa3 27. Rxa3 Qc5+ 28. Qe3 Qxe3+ 29. Rxe3 Rxd5 30. Re7 Rb5 31. a4 Rb4 32. a5 a6 33. c3 Rxf4 34. Rxb7 Rc5 35. c4 h5 36. Rb6 Rfxc4 37. Rxc4 Rxc4 38. Rxa6 Ra4 39. Kf2 Ra2+ 40. Kf3 h4 41. Ra8+ Kg7 42. a6 Ra4 1/2-1/2

[Event "Manresa"]
[Site "?"]
[Date "2004.??.??"]
[Round "?"]
[White "Korneev, O."]
[Black "Marin, M."]
[Result "1/2-1/2"]
[WhiteElo "2585"]
[BlackElo "2510"]
[PlyCount "114"]
[EventDate "2004.??.??"]
[Source "Chess Informant"]
[SourceDate "2004.06.01"]

1. e4 d6 2. d4 Nf6 3. Nc3 g6 4. f4 Bg7 5. Nf3 c5 6. Bb5+ Bd7 7. Bxd7+ Nfxd7 8. d5 b5 9. Qe2 b4 10. Nd1 Qb6 11. O-O Qa6 12. Qe1 Nf6 13. Nf2 Nbd7 14. a3 O-O 15. Bd2 Qc4 16. axb4 Qxc2 17. Bc3 Nh5 18. Bxg7 Kxg7 19. Qe3 cxb4 20. Rfc1 Qxb2 21. Nd3 Qf6 22. g4 Nxf4 23. Nxf4 Ne5 24. Nxe5 dxe5 25. Nd3 a5 26. g5 Qd6 27. Rc6 Qb8 28. Qb6 b3 29. Nb2 Qxb6+ 30. Rxb6 Rab8 31. Rxb8 Rxb8 32. Kf2 Rc8 33. Ke3 Rc2 34. Nd3 Ra2 35. Rb1 a4 36. Nxe5 b2 37. Nc4 a3 38. Kd4 Kf8 39. e5 Ke8 40. Kc5 Ra1 41. Nxa3 Rxa3 42. Rxb2 Rc3+ 43. Kd4 Rc1 44. Rb8+ Kd7 45. Rb7+ Ke8 46. e6 fxe6 47. dxe6 Rd1+ 48. Kc5 Rc1+ 49. Kd4 Rd1+ 50. Kc3 Kd8 51. Rb8+ Kc7 52. Re8 Re1 53. Rxe7+ Kd6 54. Rxh7 Kxe6 55. h4 Kf5 56. Kd4 Kg4 57. Rh6 Re2 1/2-1/2